00455nam a2200181Ia 4500003000400000005001700004008004100021020001800062040000700080041000800087082002100095100003800116245003600154260003800190300001600228365001300244650001600257OSt20230427112450.0210423s2011 xx 000 0 und d a9780070265080 cAL aeng a621.381 TAUH223 aTAUB (Herbert);SCHILLING(Donald). aDigital integrated electronics. aNew DelhibTata McGraw-hillc2011 axv,650pbPB b490cINR aElectronics